00668nam a2200205 a 450000100060000000300080000600500170001400800410003103500190007204000340009104100080012508200260013310000330015924500840019225000120027626000560028830000340034450400510037860000330042924188BD-RjUL20211209001023.0140312r19521945enka b 001 0aeng d a(BD-RjUL)24254 aSUSAbengcSUSAdSUAdBD-RjUL aeng04a823.912bSIL V-1 19521 aSitwell, Osbert,d1892-1969.10aLeft hand right hand ! :ban autobiography /cOsbert Sitwell.nThe First Volume a1st ed. aLondon :bReprint Society,c1946 [reprinted 1952].  axvi, 271 p. :bill. ;c23 cm. aIncludes bibliographical references and index.10aSitwell, Osbert,d1892-1969.